000
00216 a2200097 4500
001
2011
100
_a
Burghardt, H D
245
_a
Machine tool operation Part II.
260
_a
_b
Mc Graw Hill
_c
090
_c
1488
_d
1488
942
_a
NUST-CAE
_c
M
_c
5424
999
_c
237084
_d
237084